Hướng dẫn làm bài tập vật lý 12

Đã lưu trong:
书目详细资料
主要作者: DƯƠNG TRỌNG BÁI
格式: 图书
语言:Undetermined
出版: H. Giáo Dục 2002
主题:
标签: 添加标签
没有标签, 成为第一个标记此记录!
Thư viện lưu trữ: Trung tâm Học liệu Trường Đại học Cần Thơ
LEADER 00536nam a2200169Ia 4500
001 CTU_50544
008 210402s9999 xx 000 0 und d
082 |a 530.076 
082 |b B103 
100 |a DƯƠNG TRỌNG BÁI 
245 0 |a Hướng dẫn làm bài tập vật lý 12 
245 0 |c Dương Trọng Bái, Vũ Quang và Đoàn Duy Hinh 
260 |a H. 
260 |b Giáo Dục 
260 |c 2002 
650 |a physics - problems, exercises, etc. 
980 |a Trung tâm Học liệu Trường Đại học Cần Thơ